Entry Personal Name
Number of records used in: 1
001 - CONTROL NUMBER
003 - CONTROL NUMBER IDENTIFIER
005 - DATE AND TIME OF LATEST TRANSACTION
- control field:
20220919140847.0
008 - FIXED-LENGTH DATA ELEMENTS
- fixed length control field:
070613n| azannaabn |n aaa
010 ## - LIBRARY OF CONGRESS CONTROL NUMBER
- LC control number:
n 2007182605
035 ## - SYSTEM CONTROL NUMBER
- System control number:
(DNLM)1384390
040 ## - CATALOGING SOURCE
- Original cataloging agency:
DNLM
- Language of cataloging:
eng
- Description conventions:
rda
- Transcribing agency:
DNLM
- Modifying agency:
DLC
046 ## - SPECIAL CODED DATES
- Birth date:
1973-08-11
- Source of date scheme:
edtf
100 1# - HEADING--PERSONAL NAME
- Personal name:
Kelly, Brendan
- Fuller form of name:
(Brendan D.)
670 ## - SOURCE DATA FOUND
- Source citation:
Fish's clinical psychopathology, c2007:
- Information found:
t.p. (Brendan Kelly) p. iv (consultant psychiatrist and sr. lecturer in psychiatry, Dept. of Adult Psychiatry, Univ. College Dublin, Mater Misericordiae University Hospital, Doublin, Ireland)
670 ## - SOURCE DATA FOUND
- Source citation:
Advances in psychiatric treatment home page, June 1, 2007
- Information found:
When a patient dies by suicide (Brendan D. Kelly)
670 ## - SOURCE DATA FOUND
- Source citation:
"He lost himself completely", 2014:
- Information found:
t.p. (Brendan Kelly) about the author (Professor Brendan Kelly)
670 ## - SOURCE DATA FOUND
- Source citation:
Fish's clinical psychopathology, 2019:
- Information found:
ECIP t.p. (Brendan Kelly, Trinity College Dublin) data view (b. 08/11/1973)